000 00458cam a2200193ua 4500
001 9120
005 20260515114428.0
008 150221n ii |||gr||||Z||||||eng
020 _a9788183487177
040 _cMAIN
041 _aeng
082 _a001
245 1 _aSSC constable(GD) :
_bRecuitement exam 2013 /
_cEdited by Arihant .
250 _a1st.
260 _aNew Delhi:
_bArihant,
_c2010.
300 _a246p.
653 _aKnowledge
942 _cBK
999 _c8185
_d8185